Managing business property : a legal handbook

Bibliographic Details
Main Author: Aldridge, Trevor M.
Other Authors: Johson, Tony A.
Format: Book
Published: London : Oyez , 1978
Subjects:

MARC

LEADER 00000cam a2200000 7i4500
001 0000004459
005 20050426.0
040 |a INS 
090 0 0 |a RKD905.   |b A94 1978 
100 1 |a Aldridge, Trevor M. 
245 1 0 |a Managing business property :   |b a legal handbook   |c Trevor M. Aldridge 
260 |a London :   |b Oyez ,   |c 1978 
300 |a xi, 177p. ;   |c 24 cm. 
650 0 0 |a Real property   |x Management 
700 1 |a Johson, Tony A. 
999 |a 0000001055   |b BOOK   |c Reference   |e Default branch